Miami Dolphins Season Records - Statistics

General Stats
  • This quiz has been taken 33 times
    9 since last reset
  • The average score is 50 of 60
Answer Stats
Year Answer % Correct
2025 Losing
100%
2024 Losing
100%
2019 Losing
100%
2018 Losing
100%
2017 Losing
100%
2015 Losing
100%
2023 Winning
100%
2022 Winning
100%
2021 Winning
100%
2020 Winning
100%
2016 Winning
100%
2012 Losing
89%
2011 Losing
89%
2010 Losing
89%
2009 Losing
89%
2007 Losing
89%
2006 Losing
89%
2014 Tied
89%
2013 Tied
89%
2008 Winning
89%
2004 Losing
78%
1988 Losing
78%
1969 Losing
78%
1968 Losing
78%
1967 Losing
78%
1966 Losing
78%
1991 Tied
78%
1989 Tied
78%
1986 Tied
78%
1980 Tied
78%
2005 Winning
78%
2003 Winning
78%
2002 Winning
78%
2001 Winning
78%
2000 Winning
78%
1999 Winning
78%
1998 Winning
78%
1997 Winning
78%
1996 Winning
78%
1995 Winning
78%
1994 Winning
78%
1993 Winning
78%
1992 Winning
78%
1990 Winning
78%
1987 Winning
78%
1985 Winning
78%
1984 Winning
78%
1983 Winning
78%
1982 Winning
78%
1981 Winning
78%
1979 Winning
78%
1978 Winning
78%
1977 Winning
78%
1976 Winning
78%
1975 Winning
78%
1974 Winning
78%
1973 Winning
78%
1972 Winning
78%
1971 Winning
78%
1970 Winning
78%
No matching quizzes found
Score Distribution
Percent of People with Each Score
Percentile by Number Answered
Your Score History
You have not taken this quiz since the last reset